000 00479nam a2200145 i 4500
001 62899
003 ES-MaACL
005 20230906164740.0
007 t|
008 031126s1905 sp ||||1| spa d
100 1 _aFernández de Córdoba y Morales, Gonzalo.
_949655
245 1 3 _aEl Derecho interregional
_b: discurso para aspirar al grado de Doctor en Derecho /
_cGonzalo Fernández de Córdoba y Morales.
260 _aMadrid :
_b[s.n.,
_c1905]
852 _aES-MaACL
_jT-1074-F-7
999 _c62899
_d62899